02259cam a22004455i 450000100090000000300090000900500170001800600190003500700150005400800410006902000180011002000260012802400350015403500260018904000140021505000100022907200170023907200230025608200270027910000250030621000350033124500970036626000310046350200060049450503950050050600430089552004380093865000260137665000240140265000120142665000200143865000230145865000500148170000290153171000340156077300200159477300400161477600360165485601230169011198442USPCAS-E20180118181414.0m d cr n 141125s2014 gw | s |||| 0|eng d a9783319108551 a9783319108544 (print)7 a10.1007/978-3-319-10855-12doi a(WaSeSS)ssj0001386660 dWaSeSSc0 4aTJ165 7aTHRH2bicssc 7aTEC0310002bisacsh04a621.3126223bORG 20141 aHuang, Hui.eeditor.10aOrganic and Hybrid Solar Cells10aOrganic and Hybrid Solar Cellsh[electronic resource] /cedited by Hui Huang, Jinsong Huang. aLondon:bSpringer,cc2014. a00 aIntroduction to Organic/Hybrid Solar Cells (OSC) -- Charge Transport and Recombination in OSC -- Donor Materials for OSC -- N-type Electron Accepting Materials for OSC -- Interfacial Layers in OSC -- Alternative Electrodes for OSC -- Inverted Organic Solar Cells -- Stability of OSC -- Research Progress and Manufacturing Techniques for Large Area Polymer Solar Cells -- Hybrid Solar Cells. aLicense restrictions may limit access. aThis book delivers a comprehensive evaluation of organic and hybrid solar cells and identifies their fundamental principles and numerous applications.  Great attention is given to the charge transport mechanism, donor and acceptor materials, interfacial materials, alternative electrodes, device engineering and physics, and device stability. The authors provide an industrial perspective on the future of photovoltaic technologies. 0aElectric engineering. 0aSurfaces (Physics).14aEnergy.24aEnergy Storage.24aEnergy Technology.24aCharacterization and Evaluation of Materials.1 aHuang, Jinsong.eeditor.2 aSpringerLink (Online service)0 tSpringer eBooks 0tSpringerLINK ebooks - Energy (2014)08iPrinted edition:z978331910854440uhttp://www.columbia.edu/cgi-bin/cul/resolve?clio11198442zFull text available from SpringerLINK ebooks - Energy (2014)